[Event "Speed Chess Super Swiss"]
[Site "Chess.com INT"]
[Date "2021.10.16"]
[Round "5"]
[White "Tasdogen, Dincer"]
[Black "Shimelkov, Vasiliy"]
[Result "1-0"]
[WhiteElo "2301"]
[BlackElo "2159"]
[PlyCount "151"]
[EventDate "2021.10.16"]
[EventType "swiss (blitz)"]
[EventRounds "15"]
[EventCountry "USA"]
[SourceTitle "CBM 204 Extra"]
[Source "ChessBase"]
[SourceDate "2021.11.30"]
[SourceVersion "1"]
[SourceVersionDate "2021.11.30"]
[SourceQuality "1"]

1. Nf3 d5 2. g3 Nf6 3. Bg2 g6 4. 0-0 Bg7 5. d3 0-0 6. Nbd2 c5 7. e4 Nc6 8. Re1 b6 9. Qe2 e6 10. Nf1 Ba6 11. e5 Ng4 12. Bf4 Nh6 13. h3 Nf5 14. c3 Re8 15. g4 Nh4 16. Nxh4 Qxh4 17. Qd2 Qe7 18. Bg5 Qd7 19. Bf6 Rac8 20. Rad1 d4 21. c4 Bb7 22. Ng3 Nb4 23. Bxb7 Qxb7 24. Ne4 Nxa2 25. Qf4 Nb4 26. Nd6 Qd7 27. h4 Rc6 28. Nxe8 Qxe8 29. h5 a5 30. Bxg7 Kxg7 31. h6+ Kg8 32. Qf6 Qf8 33. g5 Rc8 34. Re4 Na6 35. Rde1 Nc7 36. Qf3 Qe7 37. Rg4 Ne8 38. Kh2 Rd8 39. Qc6 Rb8 40. Ree4 Nc7 41. Qd6 Qxd6 42. exd6 Na6 43. Rgf4 Rd8 44. Rf6 Rxd6 45. Ref4 Rd7 46. Kg3 Nb4 47. Rf3 Nc2 48. Kh2 Ne1 49. Rg3 Nc2 50. Kg1 a4 51. Kf1 Nb4 52. Ke2 Nc6 53. f4 Ne7 54. Rg1 Nf5 55. Ra1 Ra7 56. Ra3 Kf8 57. b3 Ke7 58. bxa4 Ra5 59. Rb3 Ra6 60. a5 Rxa5 61. Rxb6 Ra2+ 62. Ke1 Nd6 63. Rxd6 Kxd6 64. Rxf7 Ra3 65. Ke2 Ra2+ 66. Kf3 Ra3 67. Ke4 Ra2 68. Rxh7 Re2+ 69. Kf3 Re3+ 70. Kg4 Rxd3 71. Rd7+ Kxd7 72. h7 Rd1 73. h8Q Rg1+ 74. Kf3 d3 75. Qc3 d2 76. Qxd2+ 1-0

[Event "Speed Chess GP4"]
[Site "Chess.com INT"]
[Date "2021.10.09"]
[Round "10"]
[White "Samadov, Read"]
[Black "Tasdogen, Dincer"]
[Result "1/2-1/2"]
[WhiteElo "2375"]
[BlackElo "2301"]
[PlyCount "153"]
[EventDate "2021.10.09"]
[EventType "swiss (blitz)"]
[EventRounds "10"]
[EventCountry "USA"]
[SourceTitle "CBM 204 Extra"]
[Source "ChessBase"]
[SourceDate "2021.11.30"]
[SourceVersion "1"]
[SourceVersionDate "2021.11.30"]
[SourceQuality "1"]

1. d4 g6 2. c4 Bg7 3. e4 d6 4. Nc3 Nc6 5. Be3 e5 6. d5 Nce7 7. g4 h6 8. h4 c6 9. h5 g5 10. f3 Nf6 11. Nge2 a6 12. a4 c5 13. Ng3 a5 14. Nb5 b6 15. Be2 Ba6 16. Qd2 Kf8 17. Kf2 Ne8 18. Rhc1 Nc7 19. Ra3 Bxb5 20. axb5 Bf6 21. Rca1 Kg7 22. Ra4 Qd7 23. Qc2 Rac8 24. Bd2 Rhd8 25. Bc3 Kg8 26. Qd2 Bg7 27. Bd3 Ne8 28. Qe2 Nf6 29. Nf1 Kh8 30. Nd2 Rf8 31. Kg3 Ne8 32. Qe3 Bf6 33. Nb3 Nc7 34. Nc1 Kg7 35. Ne2 Ra8 36. Qd2 Kg8 37. Kf2 Bg7 38. Ng3 Rfb8 39. Bf1 Rc8 40. R4a3 Rcb8 41. Qe3 Ne8 42. Bd3 Nc7 43. Bc2 Nc8 44. Bd3 Na7 45. Qe1 Nc8 46. Nf5 Ne7 47. Ne3 Bf6 48. Kg2 Bg7 49. Qd2 Bf6 50. Ra4 Bg7 51. Be2 Bf6 52. Qc2 Bg7 53. Qc1 Bf6 54. Qh1 Bg7 55. Qh3 Bf6 56. Qg3 Bg7 57. Be1 Bf6 58. Bd2 Bg7 59. Qe1 Bf6 60. Bd3 Bg7 61. Kf2 Bf6 62. Ke2 Bg7 63. Bc3 Bf6 64. b3 Bg7 65. Kf2 Bf6 66. Qd2 Bg7 67. R4a2 Nc8 68. Nf5 Ne7 69. Ng3 Bf6 70. Ra4 Bg7 71. Qe1 Bf6 72. Ne2 Bg7 73. Ng3 Bf6 74. Be2 Bg7 75. Bd2 Bf6 76. Bd3 Bg7 77. Bc3 1/2-1/2

[Event "Speed Chess GP4"]
[Site "Chess.com INT"]
[Date "2021.10.09"]
[Round "6"]
[White "Shimelkov, Vasiliy"]
[Black "Tasdogen, Dincer"]
[Result "1/2-1/2"]
[WhiteElo "2159"]
[BlackElo "2301"]
[PlyCount "134"]
[EventDate "2021.10.09"]
[EventType "swiss (blitz)"]
[EventRounds "10"]
[EventCountry "USA"]
[SourceTitle "CBM 204 Extra"]
[Source "ChessBase"]
[SourceDate "2021.11.30"]
[SourceVersion "1"]
[SourceVersionDate "2021.11.30"]
[SourceQuality "1"]

1. d4 g6 2. c4 Bg7 3. Nc3 d6 4. e4 Nc6 5. Be3 e5 6. d5 Nce7 7. g3 f5 8. Bg2 Nf6 9. Nge2 0-0 10. 0-0 Ng4 11. Bd2 f4 12. gxf4 exf4 13. Nxf4 Be5 14. Nce2 Nxh2 15. Kxh2 g5 16. f3 Ng6 17. Rh1 gxf4 18. Kg1 Qg5 19. Qe1 Rf7 20. Bc3 Rg7 21. Rh2 Bd7 22. Nd4 Kf7 23. Rd1 Rag8 24. Rd2 Qg3 25. Qxg3 fxg3 26. Rh1 Rh8 27. Ne2 h5 28. Bh3 Bxh3 29. Rxh3 h4 30. Bxe5 Nxe5 31. Nd4 Kf6 32. b3 c5 33. dxc6 bxc6 34. Kg2 Ng6 35. Ne2 Rd8 36. f4 Rh7 37. f5 Ne5 38. Nxg3 Rg8 39. Rxd6+ Kf7 40. Re6 Nd3 41. Kf3 Rxg3+ 42. Rxg3 hxg3 43. Kxg3 Rg7+ 44. Kf3 Rg1 45. Rd6 Ne5+ 46. Kf4 Ng4 47. Rg6 Nf2 48. Rxg1 Nh3+ 49. Ke5 Nxg1 50. Kd6 Ne2 51. e5 Nd4 52. e6+ Kf6 53. e7 Nxf5+ 54. Kxc6 Kxe7 55. Kb7 a5 56. Kb6 Kd6 57. Kxa5 Kc5 58. b4+ Kxc4 59. b5 Nd6 60. b6 Kc5 61. b7 Nxb7+ 62. Ka4 Kc4 63. a3 Kc5 64. Kb3 Kb5 65. a4+ Ka5 66. Kc3 Nc5 67. Kd4 Kxa4 1/2-1/2

[Event "Speed Chess GP4"]
[Site "Chess.com INT"]
[Date "2021.10.09"]
[Round "3"]
[White "Tasdogen, Dincer"]
[Black "Cabarkapa, Novak"]
[Result "1-0"]
[WhiteElo "2301"]
[BlackElo "2483"]
[PlyCount "75"]
[EventDate "2021.10.09"]
[EventType "swiss (blitz)"]
[EventRounds "10"]
[EventCountry "USA"]
[SourceTitle "CBM 204 Extra"]
[Source "ChessBase"]
[SourceDate "2021.11.30"]
[SourceVersion "1"]
[SourceVersionDate "2021.11.30"]
[SourceQuality "1"]

1. Nf3 Nf6 2. g3 g6 3. Bg2 Bg7 4. 0-0 0-0 5. d3 d5 6. Nbd2 Nc6 7. e4 e5 8. Re1 Re8 9. exd5 Nxd5 10. Nc4 h6 11. Bd2 a5 12. Qc1 Kh7 13. a3 a4 14. h3 Ra6 15. Kh2 b5 16. Ne3 Nxe3 17. Bxe3 Nd4 18. Bxd4 exd4 19. Rxe8 Qxe8 20. Qf4 Rf6 21. Qxc7 Kg8 22. Re1 Re6 23. Rxe6 Bxe6 24. Qc5 Qd7 25. Ne5 Bxe5 26. Qxe5 Qc8 27. c3 dxc3 28. bxc3 Qf8 29. d4 Qxa3 30. Qxb5 Qb3 31. Qe8+ Kg7 32. d5 Bf5 33. d6 a3 34. d7 Bxd7 35. Qxd7 Qxc3 36. Bd5 Qb2 37. Qxf7+ Kh8 38. Qg8# 1-0

[Event "Speed Chess GP3"]
[Site "Chess.com INT"]
[Date "2021.10.02"]
[Round "5"]
[White "Iskusnyh, Sergei"]
[Black "Tasdogen, Dincer"]
[Result "0-1"]
[WhiteElo "2473"]
[BlackElo "2301"]
[PlyCount "70"]
[EventDate "2021.10.02"]
[EventType "swiss (blitz)"]
[EventRounds "10"]
[EventCountry "USA"]
[SourceTitle "CBM 204 Extra"]
[Source "ChessBase"]
[SourceDate "2021.11.30"]
[SourceVersion "1"]
[SourceVersionDate "2021.11.30"]
[SourceQuality "1"]

1. d4 g6 2. c4 Bg7 3. Nf3 d6 4. g3 Nd7 5. Nc3 e5 6. Bg2 exd4 7. Nxd4 Ne7 8. 0-0 0-0 9. e3 a6 10. b3 Rb8 11. Bb2 Ne5 12. Rc1 c5 13. Nde2 b5 14. cxb5 axb5 15. h3 b4 16. Na4 Ba6 17. Rc2 Re8 18. Rd2 Qc7 19. f4 N5c6 20. Bxg7 Kxg7 21. Qa1+ Kg8 22. Rfd1 Nf5 23. e4 Ne3 24. Bf3 Nxd1 25. Rxd1 Bxe2 26. Bxe2 Rxe4 27. Bf3 Rd4 28. Re1 Qd7 29. Bg2 Re8 30. Nb6 Rxe1+ 31. Qxe1 Qd8 32. Nc4 d5 33. Ne3 c4 34. Ng4 c3 35. f5 c2 0-1

[Event "Speed Chess GP3"]
[Site "Chess.com INT"]
[Date "2021.10.02"]
[Round "8"]
[White "Sjugirov, Sanan"]
[Black "Tasdogen, Dincer"]
[Result "1-0"]
[WhiteElo "2663"]
[BlackElo "2301"]
[PlyCount "75"]
[EventDate "2021.10.02"]
[EventType "swiss (blitz)"]
[EventRounds "10"]
[EventCountry "USA"]
[SourceTitle "CBM 204 Extra"]
[Source "ChessBase"]
[SourceDate "2021.11.30"]
[SourceVersion "1"]
[SourceVersionDate "2021.11.30"]
[SourceQuality "1"]

1. d4 g6 2. e4 Bg7 3. Nf3 c6 4. Bd3 d5 5. e5 Nh6 6. 0-0 0-0 7. h3 f6 8. exf6 exf6 9. c4 Nf5 10. Nc3 dxc4 11. Bxc4+ Kh8 12. Re1 Nd7 13. Bf4 Nb6 14. Bb3 Ne7 15. Qd2 Ned5 16. Bh6 Qd6 17. Ne4 Qb4 18. Qc1 Bf5 19. Nc5 Rae8 20. Bd2 Qb5 21. a4 Nxa4 22. Bxa4 Qb6 23. Bb3 Nb4 24. Qc4 a5 25. Rxe8 Rxe8 26. Qf7 Rb8 27. Re1 Qd8 28. Re7 Qf8 29. Qxf8+ Bxf8 30. Rxb7 Rd8 31. Bxb4 axb4 32. Rxb4 Kg7 33. Rb7+ Kh6 34. g4 Bb1 35. Ne6 Re8 36. h4 Be7 37. g5+ fxg5 38. hxg5+ 1-0